| 000 -ლიდერი |
| ფიქსირებული სიგრძის საკონტროლო ველი |
00968nam a22001937a 4500 |
| 003 - საკონტროლო ნომრის იდენტიფიკატორი |
| საკონტროლო ველი |
Ge_BSU |
| 005 - ბოლო ოპერაციის თარიღი და დრო |
| საკონტროლო ველი |
20250128173008.0 |
| 008 - ფიქსირებული სიგრძის მონაცემთა ელემენტები - ზოგადი ინფორმაცია |
| ფიქსირებული სიგრძის საკონტროლო ველი |
250128s2016 ge ||||| |||| 00| 0 geo d |
| 020 ## - წიგნის საერთაშორისო სტანდარტული ნომერი |
| International Standard Book Number |
9789941228889 |
| 041 ## - ენის კოდი |
| Language code of text/sound track or separate title |
geo |
| 080 ## - უნივერსალური ათობითი კლასიფიკაციის ინდექსი |
| Universal Decimal Classification number |
821.222.1-1 ს-76 |
| 245 ## - ცნობა სათაურის შესახებ |
| Title |
სპარსული პოეზია : |
| Remainder of title |
[კრებული] / |
| Statement of responsibility, etc |
თარგმნილი მაგალი თოდუას მიერ; რედაქტორი ხათუნა თოდუა; წინათქმა მოჯთაბა ქამრანფარდი. |
| 264 ## - წარმოების, გამოცემის, დისტრიბუციის და სხვა ცნობები |
| გამოცემის, წარმოების, დისტრიბუციის... ადგილი |
თბილისი : |
| გამოცემის, წარმოების, დისტრიბუციის... სახელწოდება |
უნივერსალი, |
| გამოცემის, წარმოების, დისტრიბუციის... თარიღი |
2016. |
| 300 ## - ფიზიკური აღწერა |
| Extent |
248 გვ. ; |
| Other physical details |
20 სმ. |
| 500 ## - ზოგადი შენიშვნა |
| General note |
წინათქმა ქართ. და სპარს. ენებზე. |
| 501 ## - შენიშვნა თანმხლებ მასალაზე |
| With note |
ლექსიკონი: გვ. 228-238. |
| 700 ## - ADDED ENTRY--PERSONAL NAME |
| Personal name |
თოდუა, ხათუნა |
| Relator term |
რედაქტორი |
| 9 (RLIN) |
24158 |
| 942 ## - ADDED ENTRY ELEMENTS (KOHA) |
| Source of classification or shelving scheme |
|
| Koha item type |
წიგნი |